Responses for Show #2631 - Monday, January 29, 1996

Bill Sloan game 1.

Contestants

[<< previous game]

Bill Sloan, a real estate broker from Mission Viejo, California

Rocky Feemster, an attorney from Dallas, Texas

David Bowen, a scientist originally from London, England (whose 2-day cash winnings total $22,700)

[next game >>]

Jeopardy! Round responses

ANIMALS
FILMS OF THE '90s
MUSEUMS
BUSINESS & INDUSTRY
1853
STARTS WITH "A"
    $100 11
vipers

Rocky
    $100 20
The Bridges of Madison County

David
    $100 1
Venice

David
    $100 5
Better Business Bureaus

Rocky
    $100 26
aquarium

David
    $100 10
airs

David
    $200 12
butterfly

David
    $200 21
The Shawshank Redemption

David
    $200 2
Staten Island

Bill
    $200 6
Rolls-Royce

Bill
    $200 27
Crater Lake

Bill
    $200 16
August

Bill
    $300 13
ostrich

Triple Stumper
    $300 23
Sleepless in Seattle

Bill
    $300 3
fans

David
    $300 7
(Rocky: What is Marshall Fields?)
(David: Who is Sears?)

Marshall Field

DavidRocky
Triple Stumper
    $300 28
Giuseppe Verdi

Bill
    $300 17
antonyms

David
    $400 14
rodents

Bill
    $400 24
Macaulay Culkin

Bill
    $400 4
Bermuda

Rocky
    $400 8
Wells Fargo

Bill
    $400 29
(James) Gadsden

Bill
    $400 18
(David: What is the ampersand?)

asterisk

DavidBill
    $500 15
(David: What is a baboon?)

monkey

DavidBill
    $500 25
Natural Born Killers

Rocky
    $500 22
Oslo

Rocky
    $500 9
Ross Perot

Rocky
    $1,400 30
Cecil Rhodes

Bill
    $500 19
arboretum

Rocky

Scores at the first commercial break (after clue 15):

David Rocky Bill
-$100 $800 $1,700

Scores at the end of the Jeopardy! Round:

David Rocky Bill
$200 $2,300 $5,300

Double Jeopardy! Round responses

GENERALS
SONG STANDARDS
LAKES & RIVERS
SWEETS
AMERICAN LITERATURE
ENDS WITH "Z"
    $200 8
Tutankhamun

David
    $200 16
Snow White and the Seven Dwarfs

David
    $200 1
Ireland

Rocky
    $200 26
snap

David
    $200 19
(Nathaniel) Hawthorne

Rocky
    $200 5
waltz

Bill
    $400 9
Moshe Dayan

Bill
    $400 17
in Carolina

Rocky
    $400 2
the St. Lawrence

Bill
    $400 27
Baskin-Robbins

Rocky
    $400 20
James Fenimore Cooper

Bill
    $400 6
chintz

Bill
    $600 10
Belgium

Rocky
    $600 18
(Bill: What is get back in the race?)

start all over again

Bill
Triple Stumper
    $600 3
(David: What is Lake Lucerne?)

Lake Geneva

DavidBill
    $600 28
(Rocky: What is sugar?)

rock candy

RockyBill
    $600 21
(Henry Wadsworth) Longfellow

Bill
    $600 7
Soyuz

David
    $1,500 11
(Rocky: What is the Dominican Republic?)

Cuba

Rocky
    $800 24
"I've Got You Under My Skin"

Bill
    $800 4
(Bill: What is Lake Ticticaca?)
(Alex: Bill, you added an extra "C".)

Lake Titicaca

Bill
Triple Stumper
    $800 29
(David: What are hazelnuts?)
(Bill: What are almonds?)

chestnuts

DavidBill
Triple Stumper
    $800 22
William Styron

Bill
    $800 14
ersatz

David
    $1000 12
Chiang Kai-shek

Bill
    $1000 25
I'm in love with you

Bill
    $1000 13
the Congo

Rocky
    $1000 30
(Bill: What is phyllo pastry?)

phyllo

Bill
    $1,500 23
(Bill: I don't know.)

"My Antonia"

Bill
    $1000 15
(Diego) Velazquez

Bill

Scores at the end of the Double Jeopardy! Round:

David Rocky Bill
$800 $3,000 $10,800
(lock game)

[wagering suggestions for these scores]

Final Jeopardy! Round responses

HISTORIANS
DavidWho is Barbara Tuchman?
$200
RockyWho is Tuchman
$1,300
BillWho is Margaret Mead
$4,200
Barbara Tuchman

Final scores:

David Rocky Bill
$1,000 $4,300 $6,600
3rd place: Rug Doctor carpet cleaner 2nd place: a sofa, loveseat & carpet New champion: $6,600

Game dynamics:

Coryat scores:

David Rocky Bill
$800 $4,500 $11,400
13 R,
5 W
13 R,
3 W
(including 1 DD)
27 R
(including 1 DD),
4 W
(including 1 DD)

Combined Coryat: $16,700

[game clues] [game scores] [suggest correction]

Game tape date: Unknown
The J! Archive is created by fans, for fans. Scraping, republication, monetization, and malicious use prohibited; this site may use cookies and collect identifying information. See terms. The Jeopardy! game show and all elements thereof, including but not limited to copyright and trademark thereto, are the property of Jeopardy Productions, Inc. and are protected under law. This website is not affiliated with, sponsored by, or operated by Jeopardy Productions, Inc. Join the discussion at JBoard.tv.